000 00666nam a2200205Ii 4500
003 JO-AjNU
008 230605s9999||||xx |||||||||||||| ||und||
040 _aJO-AjNU
_bara
_erda
_cJO-AjNU
041 _aara
050 1 4 _aPJ7864.A42.Z543.2009
100 3 _aالبدوي الملثم,
_eauthor
_961704
245 0 0 _aعرار شاعر الاردن
250 _aالطبعة الاولى
264 3 1 _aعمان: الاهلية للنشر والتوزيع، 2009
300 _a409ص
336 _atext
_btxt
_2rdacontent
337 _aunmediated
_bn
_2rdamedia
338 _avolume
_bnc
_2rdacarrier
650 4 _aالشعراء الاردنيون-تراجم
_961705
999 _aA27905
_c31473
_d31473